| 000 | 00959nam a2200289Ia 4500 | ||
|---|---|---|---|
| 001 | Para_2026 | ||
| 003 | CHAP | ||
| 008 | 220125s1994 xx 000 0 und d | ||
| 010 | _a200659 | ||
| 040 | _cCHAP | ||
| 082 | _aPA 630.09723 A5 | ||
| 100 |
_aAndrés Agustín, Jorge _95718 |
||
| 245 |
_aLa producción agropecuaria de la región Valle de Tepalcatepec, Michoacán / _c por Jorge Andrés Agustín; [y otros] |
||
| 260 |
_aChapingo, Méx. : _b UACh. Centro Regional Universitario Centro - Occidente |
||
| 300 | _a652 p. | ||
| 650 |
_aAgricultura _x Michoacán _91743 |
||
| 650 |
_aFruticultura _x Michoacán _943735 |
||
| 650 |
_aGanaderia _x Michoacán _944823 |
||
| 650 |
_aProductos agrícolas _x aspectos económicos _x Michoacán _991912 |
||
| 901 | _aPA 630.09723 A5 | ||
| 902 | _aA | ||
| 905 | _a0000001994 ab 0000000000 00 | ||
| 910 | _a1994 | ||
| 942 | _cPARA | ||
| 942 |
_cPARA _d1 |
||
| 999 |
_c200659 _d200659 |
||